[Event "4NCL Online Division 5"]
[Site "online"]
[Date "2021.02.23"]
[EventDate "2021.02.23"]
[Round "3.121"]
[White "Cooney, Brendan"]
[WhiteElo "1864"]
[WhiteTeam "St Benildus C"]
[Black "Hossain Mohammed, Ashraf"]
[BlackElo "1821"]
[BlackTeam "Enfield 1"]
[Result "1-0"]
[PlyCount "79"]

1. e4 e5 2. Nf3 Nc6 3. Bc4 Bc5 4. b4 Bb6 5. a4 a6 6. Nc3 d6 7. Nd5 Bg4 8. Nxb6 cxb6 9. c3 Nf6 10. h3 Bh5 11. Qe2 O-O 12. O-O h6 13. d3 d5 14. Bb3 d4 15. Bb2 Qe7 16. b5 Na5 17. Ba3 Qc7 18. Bxf8 Rxf8 19. Ba2 Qxc3 20. g4 Bg6 21. Nxe5 Bh7 22. Rfc1 Qb4 23. Nxf7 Bg6 24. Ne5+ Kh7 25. Nxg6 Kxg6 26. e5 Qe7 27. Re1 Nd7 28. Qe4+ Kg5 29. Qxd4 Nc5 30. Qe3+ Kg6 31. d4 Ne6 32. d5 Nc5 33. d6 Qg5 34. Qxg5+ Kxg5 35. e6 Nxe6 36. Rxe6 Rd8 37. Rd1 axb5 38. axb5 h5 39. Rd5+ Kf4 40. Rf5# 1-0

[Event "4NCL Online Division 5"]
[Site "online"]
[Date "2021.02.23"]
[EventDate "2021.02.23"]
[Round "3.122"]
[White "McNish, David"]
[WhiteElo "1776"]
[WhiteTeam "Enfield 1"]
[Black "Sweeney, Ronan"]
[BlackElo "1758"]
[BlackTeam "St Benildus C"]
[Result "1/2-1/2"]
[PlyCount "92"]

1. d4 Nf6 2. Nf3 d5 3. e3 c5 4. c3 g6 5. Nbd2 Bg7 6. Bd3 b6 7. O-O Nbd7 8. Re1 Qc7 9. h3 O-O 10. e4 e5 11. dxe5 Nxe5 12. Nxe5 Qxe5 13. exd5 Qxd5 14. Qc2 Bb7 15. Ne4 Rfe8 16. f3 Rad8 17. Nxf6+ Bxf6 18. Rxe8+ Rxe8 19. Bf4 Qh5 20. Qf2 Bg5 21. Bxg5 Qxg5 22. Rd1 Re3 23. f4 Qg3 24. Qxg3 Rxg3 25. Rd2 Re3 26. f5 Kg7 27. Bc2 Re7 28. Rf2 Re1+ 29. Kh2 f6 30. Rd2 Re7 31. fxg6 hxg6 32. b3 Kf7 33. g4 Be4 34. Bxe4 Rxe4 35. Kg2 Re3 36. c4 Ke6 37. h4 f5 38. gxf5+ Kxf5 39. Rf2+ Ke6 40. Rd2 Rc3 41. Rf2 Rd3 42. Kh2 Re3 43. Kg2 Rd3 44. Kh2 Re3 45. Kg2 Rd3 46. Kh2 Re3 1/2-1/2

[Event "4NCL Online Division 5"]
[Site "online"]
[Date "2021.02.23"]
[EventDate "2021.02.23"]
[Round "3.123"]
[White "Willow, David"]
[WhiteElo "1684"]
[WhiteTeam "St Benildus C"]
[Black "O'Caolaidhe, Cormac"]
[BlackElo "1564"]
[BlackTeam "Enfield 1"]
[Result "0-1"]
[PlyCount "86"]

1. e4 c5 2. Nc3 d6 3. g3 Nc6 4. Bg2 g6 5. Nf3 Bg7 6. d3 e6 7. O-O Nf6 8. h3 O-O 9. Be3 a6 10. e5 Nd5 11. Nxd5 exd5 12. exd6 Qxd6 13. d4 c4 14. c3 Bf5 15. Bf4 Qd7 16. Kh2 Rfe8 17. Qd2 Be4 18. Rfe1 b5 19. Ng5 Bxg2 20. Kxg2 h6 21. Nf3 g5 22. Be3 Re4 23. h4 g4 24. Nh2 Rae8 25. Bf4 Qf5 26. Re3 Rxe3 27. Bxe3 Qe4+ 28. Kg1 h5 29. Re1 Qf5 30. Bf4 Rxe1+ 31. Qxe1 Qe6 32. Qxe6 fxe6 33. f3 e5 34. dxe5 Nxe5 35. fxg4 Nxg4 36. Nxg4 hxg4 37. Be3 b4 38. Bd2 Be5 39. Kf2 Kf7 40. a3 b3 41. Be1 d4 42. Ke2 dxc3 43. Kd1 cxb2 0-1

[Event "4NCL Online Division 5"]
[Site "online"]
[Date "2021.02.23"]
[EventDate "2021.02.23"]
[Round "3.124"]
[White "Banks, Stephen"]
[WhiteElo "1422"]
[WhiteTeam "Enfield 1"]
[Black "Putar, Slavko"]
[BlackElo "1676"]
[BlackTeam "St Benildus C"]
[Result "0-1"]
[PlyCount "100"]

1. e4 e6 2. Nf3 d5 3. e5 c5 4. Bb5+ Bd7 5. Bxd7+ Qxd7 6. O-O Nc6 7. a3 Qc7 8. Re1 Nge7 9. c3 Nf5 10. d4 cxd4 11. cxd4 Qb6 12. b4 a5 13. bxa5 Nxa5 14. Qa4+ Qc6 15. Qxc6+ Nxc6 16. Rd1 Be7 17. Nc3 h6 18. Bb2 Na5 19. Nb5 Kd7 20. Bc3 Rhc8 21. Bxa5 Rxa5 22. a4 Rc4 23. Nd6 Bxd6 24. exd6 Kxd6 25. Rab1 Rc7 26. Rb6+ Ke7 27. Rb4 f6 28. g4 Nd6 29. Ra1 Rc4 30. Rxc4 Nxc4 31. Kg2 Kd6 32. Ra2 Kc6 33. Ne1 e5 34. dxe5 fxe5 35. Nd3 e4 36. Nf4 g5 37. Ne2 Kc5 38. h3 Kb4 39. Nd4 Rxa4 40. Re2 Kc3 41. Nf5 Ra6 42. Re1 b5 43. h4 b4 44. hxg5 hxg5 45. Rd1 Nd2 46. Rc1+ Kd3 47. Rc5 d4 48. Ng3 Nf3 49. Nf5 Rb6 50. Ng3 b3 0-1

[Event "4NCL Online Division 5"]
[Site "online"]
[Date "2021.02.23"]
[EventDate "2021.02.23"]
[Round "3.131"]
[White "Parsons, Roy W"]
[WhiteElo "1751"]
[WhiteTeam "Kent KJCA Kestrels E"]
[Black "Sarpotdar, Amogh"]
[BlackElo "1976"]
[BlackTeam "Stroud Middles"]
[Result "0-1"]
[PlyCount "110"]

1. e4 c5 2. Nc3 g6 3. g3 Bg7 4. Bg2 Nc6 5. d3 Nf6 6. f4 O-O 7. e5 Ne8 8. Nf3 d5 9. O-O Bg4 10. h3 Bxf3 11. Bxf3 e6 12. Ne2 f6 13. exf6 Qxf6 14. c3 Nd6 15. g4 Rad8 16. Ng3 Nf7 17. Qe2 Qh4 18. Kh2 e5 19. f5 Ng5 20. Bxg5 Qxg5 21. Qg2 Ne7 22. fxg6 hxg6 23. Rae1 Kh7 24. Rf2 Bh6 25. Rfe2 Bg7 26. Rf2 Qh4 27. Rfe2 Qg5 28. Rf2 Rd6 29. c4 e4 30. dxe4 dxc4 31. Ne2 Be5+ 32. Kh1 Nc6 33. Nc3 Bxc3 34. bxc3 Ne5 35. Be2 Rxf2 36. Qxf2 Rf6 37. Qxc5 Qh4 38. Qe7+ Kh6 39. g5+ Qxg5 40. Rg1 Qf4 41. Qe8 Kg7 42. Qe7+ Rf7 43. Qe6 Qxe4+ 44. Rg2 Qf5 45. Bxc4 Qxe6 46. Bxe6 Rf3 47. c4 Kf6 48. Bd5 Rxh3+ 49. Kg1 b6 50. Rf2+ Kg5 51. Re2 Nf3+ 52. Kg2 Nd4 53. Re4 Rd3 54. Re7 Rd2+ 55. Kg3 Nf5+ 0-1

[Event "4NCL Online Division 5"]
[Site "online"]
[Date "2021.02.23"]
[EventDate "2021.02.23"]
[Round "3.132"]
[White "Davis, Cameron"]
[WhiteElo "1589"]
[WhiteTeam "Stroud Middles"]
[Black "Brightley-Davies, Ciaran"]
[BlackElo "1625"]
[BlackTeam "Kent KJCA Kestrels E"]
[Result "1-0"]
[PlyCount "115"]

1. e4 e6 2. c4 d5 3. cxd5 exd5 4. exd5 Qxd5 5. Nc3 Qe6+ 6. Be2 Nf6 7. Nf3 Bd6 8. d4 O-O 9. O-O b6 10. Re1 Bb7 11. Bg5 Qf5 12. Bd3 Bxf3 13. Bxf5 Bxd1 14. Bxf6 gxf6 15. Raxd1 Na6 16. a3 Rfe8 17. Nd5 Kg7 18. b4 c6 19. Ne3 Nc7 20. Bd7 Rg8 21. Bxc6 Rad8 22. Nf5+ Kh8 23. Nxd6 Rxd6 24. d5 Rgd8 25. g3 Nxd5 26. Re8+ Rxe8 27. Bxe8 Kg7 28. h4 a6 29. Ba4 f5 30. Bb3 Rc6 31. Bxd5 Rc3 32. Ra1 Kf6 33. Kg2 Ke7 34. Bb7 a5 35. bxa5 bxa5 36. a4 Kd6 37. Ba6 Kc5 38. Bb5 Rb3 39. Rc1+ Kb4 40. Rc7 Ka3 41. Rxf7 Rb4 42. Rxh7 Rxa4 43. Bxa4 Kxa4 44. Ra7 Kb4 45. h5 a4 46. h6 a3 47. Rxa3 Kxa3 48. h7 f4 49. h8=Q fxg3 50. fxg3 Kb3 51. g4 Kc4 52. g5 Kd5 53. g6 Ke6 54. g7 Kf5 55. g8=Q Kf4 56. Qg3+ Kf5 57. Qge5+ Kg6 58. Qhg7# 1-0

[Event "4NCL Online Division 5"]
[Site "online"]
[Date "2021.02.23"]
[EventDate "2021.02.23"]
[Round "3.133"]
[White "Sagar, Aneesh"]
[WhiteElo "1516"]
[WhiteTeam "Kent KJCA Kestrels E"]
[Black "Killey, Ainsley"]
[BlackElo "1606"]
[BlackTeam "Stroud Middles"]
[Result "0-1"]
[PlyCount "110"]

1. Nf3 d5 2. Ng1 c5 3. Nf3 Nc6 4. d4 cxd4 5. Nxd4 e5 6. Nxc6 bxc6 7. e3 Bd6 8. Nc3 Nf6 9. Be2 O-O 10. O-O Bf5 11. a4 Qc7 12. Bf3 e4 13. Be2 Bxh2+ 14. Kh1 Bd6 15. g4 Bg6 16. f4 h5 17. f5 Bh7 18. g5 Ng4 19. Bxg4 hxg4 20. Qxg4 Qd7 21. Bd2 g6 22. Qh4 gxf5 23. Rg1 Qe6 24. Raf1 Kg7 25. Ne2 Rh8 26. Bc3+ Be5 27. Nf4 Qd6 28. Bxe5+ Qxe5 29. Nh5+ Kf8 30. Nf6 Ke7 31. Nxh7 Rxh7 32. Qxh7 Rh8 33. g6 Rxh7+ 34. gxh7 Qh8 35. Rg2 Qxh7+ 36. Rh2 Qg6 37. Rhf2 Qh6+ 38. Kg1 Qg5+ 39. Kh1 Qxe3 40. Rxf5 Qd2 41. R1f2 Qd1+ 42. Kh2 Ke6 43. Rxf7 Qh5+ 44. Kg2 Qxf7 45. Rxf7 Kxf7 46. Kf2 Ke6 47. Ke3 Ke5 48. c3 c5 49. b3 d4+ 50. cxd4+ cxd4+ 51. Ke2 d3+ 52. Kd2 Kd4 53. b4 Kc4 54. b5 Kb4 55. a5 Kxb5 0-1

[Event "4NCL Online Division 5"]
[Site "online"]
[Date "2021.02.23"]
[EventDate "2021.02.23"]
[Round "3.134"]
[White "Sarpotdar, Angad"]
[WhiteElo "1448"]
[WhiteTeam "Stroud Middles"]
[Black "Wang, Yong Gui"]
[BlackElo "1535"]
[BlackTeam "Kent KJCA Kestrels E"]
[Result "1-0"]
[PlyCount "45"]

1. e4 e5 2. Nf3 Nc6 3. Bb5 Bc5 4. O-O Nf6 5. Nc3 d6 6. Bxc6+ bxc6 7. d4 exd4 8. Nxd4 O-O 9. Bg5 h6 10. Bh4 Bd7 11. Nb3 Bb6 12. Qf3 g5 13. Bg3 Bg4 14. Qd3 h5 15. h3 Be6 16. Rad1 c5 17. Qd2 Nh7 18. e5 c4 19. Nd4 d5 20. Nc6 Qd7 21. Nxd5 Rfe8 22. Nf6+ Nxf6 23. Qxg5+ 1-0

[Event "4NCL Online Division 5"]
[Site "online"]
[Date "2021.02.23"]
[EventDate "2021.02.23"]
[Round "3.141"]
[White "Pert, Nina"]
[WhiteElo "1859"]
[WhiteTeam "Brentwood B"]
[Black "Smith, Mark"]
[BlackElo "1751"]
[BlackTeam "Shropshire 4"]
[Result "1-0"]
[PlyCount "83"]

1. e4 e5 2. Nf3 Nc6 3. Bc4 Bc5 4. c3 Nf6 5. d4 exd4 6. cxd4 Bb4+ 7. Nc3 Nxe4 8. O-O Bxc3 9. d5 Ne5 10. bxc3 Nxc4 11. Qd4 O-O 12. Qxe4 Nd6 13. Qf4 Qf6 14. Qxf6 gxf6 15. Ba3 b6 16. Nd4 Ba6 17. Rfe1 Rfe8 18. Bxd6 cxd6 19. f4 Bc4 20. Nf5 Bxd5 21. Nxd6 Re6 22. Nb5 Rae8 23. Red1 Bc6 24. Nc7 Re2 25. Nxe8 Rxe8 26. Re1 Rc8 27. Re3 Bd5 28. a3 Rc4 29. g3 Be4 30. Rd1 d5 31. Rd4 Rxd4 32. cxd4 Kf8 33. Rc3 a5 34. Rb3 Ke7 35. Rxb6 a4 36. Kf2 Bc2 37. Kf3 Be4+ 38. Kg4 Bc2 39. f5 Bd1+ 40. Kf4 Bc2 41. g4 Bd3 42. Rb8 1-0

[Event "4NCL Online Division 5"]
[Site "online"]
[Date "2021.02.23"]
[EventDate "2021.02.23"]
[Round "3.142"]
[White "Lockett, Daniel"]
[WhiteElo "1743"]
[WhiteTeam "Shropshire 4"]
[Black "Hughes, Gavin James"]
[BlackElo "1908"]
[BlackTeam "Brentwood B"]
[Result "1-0"]
[PlyCount "105"]

1. e4 d6 2. d4 Nf6 3. Nc3 Nbd7 4. Nf3 e5 5. dxe5 dxe5 6. Bc4 Be7 7. Bg5 c6 8. a3 Qc7 9. O-O h6 10. Bh4 Nf8 11. Bg3 Bd6 12. b4 g5 13. h3 Be6 14. Bxe6 Nxe6 15. b5 h5 16. Re1 Nf4 17. bxc6 bxc6 18. Nxg5 h4 19. Bxf4 exf4 20. e5 Bxe5 21. Nf3 Nd7 22. Nxe5 Nxe5 23. Qd4 Rh5 24. Rad1 Rd8 25. Qxf4 Rxd1 26. Nxd1 Kf8 27. Ne3 Qa5 28. Rd1 Ng6 29. Qf6 Ne7 30. Rd7 Re5 31. Ng4 Re6 32. Qxh4 Ke8 33. Rd3 Ng6 34. Qh7 Qc7 35. Re3 Rxe3 36. Nxe3 Qd6 37. Qg8+ Nf8 38. Qg4 Qxa3 39. Qc8+ Ke7 40. Nf5+ Kf6 41. Ne3 Qa1+ 42. Kh2 Qe5+ 43. g3 Qd6 44. Qf5+ Ke7 45. h4 Qb4 46. h5 a5 47. Qe5+ Kd7 48. h6 Qd2 49. Qf5+ Ke7 50. h7 Nxh7 51. Qxh7 Qxf2+ 52. Ng2 Qxc2 53. Qxc2 1-0

[Event "4NCL Online Division 5"]
[Site "online"]
[Date "2021.02.23"]
[EventDate "2021.02.23"]
[Round "3.143"]
[White "Molostvov, Dmitry M"]
[WhiteElo "1749"]
[WhiteTeam "Brentwood B"]
[Black "Walker, Kate"]
[BlackElo "1677"]
[BlackTeam "Shropshire 4"]
[Result "1-0"]
[PlyCount "88"]

1. d4 c6 2. c4 d5 3. e3 e6 4. Nf3 Nf6 5. Nc3 Bd6 6. Bd3 O-O 7. O-O dxc4 8. Bxc4 b5 9. Bd3 Bb7 10. Ne4 Nxe4 11. Bxe4 f5 12. Bc2 Bc7 13. Bd2 Qd6 14. a3 a5 15. Ne5 Nd7 16. f4 Nxe5 17. dxe5 Qe7 18. Qe2 Bb6 19. b4 a4 20. Kh1 Qh4 21. e4 g6 22. Be3 Bxe3 23. Qxe3 Rad8 24. Rad1 Rxd1 25. Bxd1 Rd8 26. Bf3 fxe4 27. Bxe4 Qe7 28. Qf3 Qc7 29. Rd1 Rxd1+ 30. Qxd1 c5 31. Bxb7 cxb4 32. Ba6 Qc4 33. axb4 Qxb4 34. Qd8+ Kg7 35. Qd7+ Kh6 36. Qxb5 Qe1+ 37. Qf1 Qb4 38. h3 a3 39. Bc4 Qe7 40. Qc1 Kg7 41. Ba2 Kf7 42. Qc4 h6 43. g4 Qb7+ 44. Kh2 Qd7 1-0

[Event "4NCL Online Division 5"]
[Site "online"]
[Date "2021.02.23"]
[EventDate "2021.02.23"]
[Round "3.144"]
[White "Hilditch-Love, Daniel"]
[WhiteElo "1626"]
[WhiteTeam "Shropshire 4"]
[Black "Willoughby, Charlotte"]
[BlackElo "1667"]
[BlackTeam "Brentwood B"]
[Result "1/2-1/2"]
[PlyCount "207"]

1. Nf3 d5 2. c4 dxc4 3. e3 Nf6 4. Bxc4 e6 5. O-O Bd6 6. Nc3 O-O 7. d4 b6 8. b3 Bb7 9. Be2 Nc6 10. Bb2 a6 11. e4 Be7 12. Qd2 Bb4 13. Qe3 Ne7 14. Nd2 Ng6 15. a3 Be7 16. Rad1 c5 17. Nc4 Qc7 18. d5 exd5 19. Nxd5 Nxd5 20. exd5 Bd6 21. g3 Rfe8 22. Qc3 f6 23. Bh5 Re7 24. Ne3 Be5 25. Qc2 Bxb2 26. Qxb2 Rd8 27. Bg4 Ne5 28. Be2 Red7 29. f4 Nf7 30. Bg4 Re7 31. Be6 Kh8 32. Nf5 Ree8 33. Qe2 Nd6 34. Qg4 g6 35. Nxd6 Rxd6 36. Qh4 Qg7 37. f5 g5 38. Qh5 Red8 39. Qf3 Ba8 40. Rfe1 Qc7 41. Re2 c4 42. Qc3 Qc5+ 43. Kf1 Rf8 44. bxc4 b5 45. Rc2 bxc4 46. Qxc4 Qxa3 47. Rd3 Qa1+ 48. Ke2 Qa5 49. Qc7 Qxc7 50. Rxc7 Rfd8 51. Rc5 Bb7 52. Rd4 Ba8 53. Kd3 Kg7 54. Kc4 Kf8 55. g4 Rb6 56. Rd3 Rb2 57. Rh3 Rc2+ 58. Rc3 Rxh2 59. Rc7 Rd2 60. Rf7+ Ke8 61. Rxf6 Bxd5+ 62. Bxd5 R2xd5 63. Re6+ Kf7 64. Rxa6 Rd4+ 65. Kb5 Rb8+ 66. Ka5 Rxg4 67. Rc7+ Kg8 68. Raa7 Re4 69. Rg7+ Kf8 70. Rxh7 Re5+ 71. Ka4 Re4+ 72. Ka3 Re3+ 73. Ka2 Kg8 74. Rag7+ Kf8 75. Rf7+ Ke8 76. Re7+ Rxe7 77. Rh8+ Kf7 78. Rxb8 Kf6 79. Kb2 Kxf5 80. Kc2 Kf4 81. Kd2 g4 82. Rf8+ Kg3 83. Rg8 Re4 84. Rg7 Kf3 85. Rf7+ Rf4 86. Rg7 Kf2 87. Re7 Kg2 88. Ke1 Rf1+ 89. Ke2 g3 90. Rg7 Ra1 91. Rg8 Ra3 92. Rg7 Kg1 93. Rg5 g2 94. Rg8 Kh2 95. Kf2 Ra2+ 96. Kf3 Kg1 97. Ke3 Ra3+ 98. Ke2 Ra2+ 99. Ke3 Kf1 100. Rf8+ Ke1 101. Rg8 Re2+ 102. Kf3 Rf2+ 103. Ke3 Rf1 104. Rxg2 1/2-1/2

[Event "4NCL Online Division 5"]
[Site "online"]
[Date "2021.02.23"]
[EventDate "2021.02.23"]
[Round "3.151"]
[White "Nandi, Asoke K"]
[WhiteElo "1481"]
[WhiteTeam "Uxbridge Destroyers"]
[Black "Gregory, Sam"]
[BlackElo "1931"]
[BlackTeam "Dundee City B"]
[Result "0-1"]
[PlyCount "58"]

1. e4 c6 2. d4 d5 3. exd5 cxd5 4. Nf3 Nc6 5. c3 Bg4 6. Bd3 e6 7. O-O Bd6 8. Re1 Nge7 9. Bg5 O-O 10. Nbd2 h6 11. Bh4 Qc7 12. Qc2 Rac8 13. a3 Nf5 14. Bg3 Nxg3 15. fxg3 a6 16. Re2 b5 17. Rae1 Qb6 18. Re3 e5 19. Bh7+ Kh8 20. Qb1 exd4 21. Nxd4 Nxd4 22. cxd4 Qxd4 23. Nf3 Bxf3 24. gxf3 Rfe8 25. Qd3 Bc5 26. Kf2 Rxe3 27. Rxe3 Qxe3+ 28. Qxe3 Bxe3+ 29. Kxe3 Kxh7 0-1

[Event "4NCL Online Division 5"]
[Site "online"]
[Date "2021.02.23"]
[EventDate "2021.02.23"]
[Round "3.152"]
[White "Kynoch, Richard"]
[WhiteElo "1873"]
[WhiteTeam "Dundee City B"]
[Black "Smith, Richard"]
[BlackElo "1462"]
[BlackTeam "Uxbridge Destroyers"]
[Result "1-0"]
[PlyCount "83"]

1. e4 c6 2. Nc3 d5 3. Nf3 dxe4 4. Nxe4 Bf5 5. Ng3 Bg6 6. h4 h6 7. Ne5 Bh7 8. Qh5 g6 9. Qf3 Nf6 10. Qb3 Qd5 11. Qxb7 Qxe5+ 12. Be2 e6 13. Qc8+ Ke7 14. Qb7+ Nfd7 15. Qxa8 Qc7 16. b3 Bg7 17. Ba3+ Ke8 18. O-O-O Nb6 19. Bd6 Qxd6 20. Qxa7 N8d7 21. Bf3 Ke7 22. Ne4 Qb8 23. Qa3+ Kd8 24. d4 Bf8 25. Nc5 Nd5 26. c4 N5b6 27. Bxc6 Ke8 28. Qa5 Bd6 29. g3 Qc7 30. Qb5 g5 31. hxg5 hxg5 32. Bxd7+ Nxd7 33. Qxd7+ Qxd7 34. Nxd7 Kxd7 35. Rh5 Ba3+ 36. Kd2 Bb4+ 37. Ke3 f5 38. Rdh1 f4+ 39. Ke2 Be4 40. Rxh8 Bxh1 41. Rxh1 fxg3 42. fxg3 1-0

[Event "4NCL Online Division 5"]
[Site "online"]
[Date "2021.02.23"]
[EventDate "2021.02.23"]
[Round "3.153"]
[White "Suyash Srikanta Prasad"]
[WhiteElo "1347"]
[WhiteTeam "Uxbridge Destroyers"]
[Black "Babin, Andre"]
[BlackElo "1829"]
[BlackTeam "Dundee City B"]
[Result "0-1"]
[PlyCount "126"]

1. e4 c5 2. c3 d5 3. exd5 Qxd5 4. Nf3 g6 5. d4 Nf6 6. Be3 cxd4 7. cxd4 Bg7 8. Nc3 Qd8 9. Bb5+ Bd7 10. Bxd7+ Nbxd7 11. O-O O-O 12. Qb3 Qb6 13. Qxb6 Nxb6 14. Ne5 Rfd8 15. Rac1 Nfd5 16. Rfe1 Nxe3 17. fxe3 Bxe5 18. dxe5 Rd2 19. b3 Rc8 20. Nb5 Rcc2 21. Rxc2 Rxc2 22. Nxa7 Rxa2 23. Nb5 Ra5 24. Nd4 Rxe5 25. Kf2 f5 26. Rc1 Nd5 27. Rc5 Nxe3 28. Rc8+ Kf7 29. Rc7 Ng4+ 30. Kg3 Re4 31. Nc2 Ne3 32. Na1 Rb4 33. Kf2 Nd5 34. Rd7 Ke6 35. Rd8 Nf6 36. Rd3 Ne4+ 37. Kf3 Ke5 38. Nc2 Rxb3 39. Rxb3 Nd2+ 40. Ke3 Nxb3 41. h4 h6 42. Nb4 Nc5 43. Nc2 g5 44. hxg5 hxg5 45. g3 f4+ 46. Kf3 b5 47. Nb4 fxg3 48. Kxg3 Kf5 49. Kf3 e5 50. Ke3 e4 51. Nc2 Ke5 52. Nb4 Nd3 53. Nc6+ Kd5 54. Ne7+ Ke6 55. Nc6 Kd6 56. Nd4 Ke5 57. Nxb5 Nf4 58. Na3 Nd5+ 59. Kf2 Kf4 60. Nb5 g4 61. Nd4 e3+ 62. Kg2 Ke4 63. Ne2 Nf4+ 0-1

[Event "4NCL Online Division 5"]
[Site "online"]
[Date "2021.02.23"]
[EventDate "2021.02.23"]
[Round "3.154"]
[White "Mooney, Graham"]
[WhiteTitle "CM"]
[WhiteElo "1887"]
[WhiteTeam "Dundee City B"]
[Black "Hasan, Abu"]
[BlackElo "1376"]
[BlackTeam "Uxbridge Destroyers"]
[Result "1-0"]
[PlyCount "59"]

1. e4 e6 2. Nf3 d5 3. Nc3 d4 4. Ne2 Nc6 5. c3 Bc5 6. cxd4 Nxd4 7. Nexd4 Bxd4 8. Qa4+ Qd7 9. Qxd7+ Bxd7 10. Nxd4 O-O-O 11. Nf3 Nf6 12. d3 h6 13. Bd2 Rhf8 14. Be2 Bb5 15. Ne5 g5 16. Bb4 Rfe8 17. Nxf7 Rd4 18. Bc3 e5 19. Bxd4 exd4 20. Nxh6 Bc6 21. Ng4 Nh5 22. Ne5 Nf4 23. Nxc6 Nxg2+ 24. Kf1 Nf4 25. Nxd4 Nxe2 26. Kxe2 c5 27. Nf5 Kc7 28. Rhg1 c4 29. Rac1 Kb6 30. Rxc4 1-0

[Event "4NCL Online Division 5"]
[Site "online"]
[Date "2021.02.23"]
[EventDate "2021.02.23"]
[Round "3.161"]
[White "Bromilow, Edward T"]
[WhiteElo "1885"]
[WhiteTeam "Ashfield Anonymous C"]
[Black "Duncanson, Henry G"]
[BlackElo "2177"]
[BlackTeam "Broadland Falco Duboisi"]
[Result "0-1"]
[PlyCount "44"]

1. e4 e5 2. Nf3 Nc6 3. Nc3 Nf6 4. d4 exd4 5. Nxd4 Bb4 6. Nxc6 bxc6 7. Bd3 h6 8. Bd2 O-O 9. O-O Re8 10. Re1 d5 11. exd5 cxd5 12. Rxe8+ Qxe8 13. Qf3 Bg4 14. Qg3 d4 15. Re1 Qd7 16. Nb1 Bd6 17. f4 Bf5 18. Qf3 Rb8 19. b3 c6 20. c4 dxc3 21. Bxf5 cxd2 22. Re5 Bc5+ 0-1

[Event "4NCL Online Division 5"]
[Site "online"]
[Date "2021.02.23"]
[EventDate "2021.02.23"]
[Round "3.162"]
[White "Hughes, Roy"]
[WhiteElo "2029"]
[WhiteTeam "Broadland Falco Duboisi"]
[Black "Morgan, Philip D"]
[BlackElo "1821"]
[BlackTeam "Ashfield Anonymous C"]
[Result "1-0"]
[PlyCount "71"]

1. d4 d5 2. Nf3 Nf6 3. g3 e6 4. Bg2 b6 5. O-O Bb7 6. c4 Be7 7. Nc3 O-O 8. Qb3 dxc4 9. Qxc4 Nbd7 10. Rd1 Qc8 11. Bf4 c6 12. Rac1 Nd5 13. Nxd5 cxd5 14. Qd3 Qd8 15. a3 a5 16. Rc3 Ba6 17. Qd2 Rc8 18. Rdc1 Rxc3 19. Rxc3 Qa8 20. Rc7 Bb5 21. Qc2 a4 22. h4 Bd8 23. Rc8 Qb7 24. Bd6 Re8 25. e3 Bc4 26. Rxc4 dxc4 27. Ng5 Qxg2+ 28. Kxg2 Bxg5 29. hxg5 b5 30. Qc3 Nb6 31. Qb4 Rc8 32. Qxb5 Nd5 33. Qxa4 c3 34. bxc3 Nxc3 35. Qd7 Ra8 36. Qc6 1-0

[Event "4NCL Online Division 5"]
[Site "online"]
[Date "2021.02.23"]
[EventDate "2021.02.23"]
[Round "3.163"]
[White "Pettinger, Martin"]
[WhiteElo "1730"]
[WhiteTeam "Ashfield Anonymous C"]
[Black "Saravanan, Karthik"]
[BlackElo "1854"]
[BlackTeam "Broadland Falco Duboisi"]
[Result "0-1"]
[PlyCount "82"]

1. e4 c5 2. Nf3 d6 3. d4 cxd4 4. Nxd4 Nf6 5. Nc3 a6 6. Be2 e5 7. Nb3 Be6 8. Be3 Be7 9. O-O Nbd7 10. a4 Rc8 11. f3 Nb6 12. a5 Nc4 13. Bxc4 Rxc4 14. Nd5 Nxd5 15. exd5 Bf5 16. c3 Qd7 17. f4 Re4 18. Qf3 exf4 19. Bd4 Bg5 20. Bxg7 Rg8 21. Rae1 Qe7 22. Nd4 Bg6 23. Qh3 Kd8 24. Rxe4 Bxe4 25. Re1 Rxg7 26. Ne6+ fxe6 27. Rxe4 e5 28. Rc4 Qd7 29. Qf3 Qb5 30. Rb4 Qc5+ 31. Kf1 Qxa5 32. Qg4 Qxd5 33. h4 Bf6 34. Qh3 Qd1+ 35. Kf2 Qd2+ 36. Kf1 Rg3 37. Qe6 Qxg2+ 38. Ke1 Re3+ 39. Kd1 Rd3+ 40. Kc1 Qf1+ 41. Kc2 Qd1# 0-1

[Event "4NCL Online Division 5"]
[Site "online"]
[Date "2021.02.23"]
[EventDate "2021.02.23"]
[Round "3.164"]
[White "Hughes, Mervyn"]
[WhiteElo "1879"]
[WhiteTeam "Broadland Falco Duboisi"]
[Black "Graham, Neil"]
[BlackElo "1776"]
[BlackTeam "Ashfield Anonymous C"]
[Result "1-0"]
[PlyCount "93"]

1. b3 e5 2. Bb2 Nc6 3. e3 Nf6 4. Bb5 Bd6 5. Na3 Na5 6. Be2 a6 7. Nf3 Qe7 8. Nb1 O-O 9. d4 exd4 10. Nxd4 Be5 11. Nc3 c5 12. Nf3 Bc7 13. Nd5 Nxd5 14. Qxd5 d6 15. O-O Be6 16. Qh5 h6 17. c4 f6 18. Bd3 Bf7 19. Bg6 Bxg6 20. Qxg6 Qf7 21. Qf5 g6 22. Qd3 Nc6 23. Nh4 Ne7 24. f4 Rae8 25. Rae1 d5 26. cxd5 Qxd5 27. Qxd5+ Nxd5 28. Nxg6 Rf7 29. e4 Nb4 30. Rf3 Kh7 31. Nh4 Rd8 32. e5 fxe5 33. fxe5 Rxf3 34. Nxf3 Nd3 35. Re2 Re8 36. Bc3 Kg6 37. g4 Nf4 38. Re4 Nd5 39. Bb2 Nf6 40. Nh4+ Kg5 41. Nf3+ Kg6 42. Rf4 Nd5 43. Rf5 b6 44. Nh4+ Kh7 45. e6 h5 46. Rxh5+ Kg8 47. Rh8# 1-0

[Event "4NCL Online Division 5"]
[Site "online"]
[Date "2021.03.09"]
[EventDate "2021.03.09"]
[Round "4.11"]
[White "Roderick, Andrew"]
[WhiteElo "1828"]
[WhiteTeam "Welwyn Hatfield"]
[Black "Murphy, Conor E"]
[BlackTitle "FM"]
[BlackElo "2396"]
[BlackTeam "Charlton Cobras A"]
[Result "0-1"]
[PlyCount "46"]

1. e4 e5 2. Nc3 Nf6 3. f4 d5 4. fxe5 Nxe4 5. Qf3 f5 6. d4 c5 7. Be3 Nc6 8. Bb5 Be7 9. Nge2 O-O 10. Bxc6 bxc6 11. O-O Ba6 12. Rfe1 Rb8 13. Nf4 Qd7 14. Na4 cxd4 15. Bxd4 Rb4 16. e6 Qb7 17. Nc5 Nxc5 18. Qc3 Rc4 19. Qe3 Ne4 20. Nh5 Rxd4 21. Nxg7 Bc5 22. Qh6 Rd2+ 23. Kh1 Nf2+ 0-1

[Event "4NCL Online Division 5"]
[Site "online"]
[Date "2021.03.09"]
[EventDate "2021.03.09"]
[Round "4.12"]
[White "Clark, Gary M"]
[WhiteElo "2278"]
[WhiteTeam "Charlton Cobras A"]
[Black "White, David"]
[BlackElo "1775"]
[BlackTeam "Welwyn Hatfield"]
[Result "1-0"]
[PlyCount "61"]

1. d4 Nf6 2. c4 c5 3. d5 e6 4. Nc3 exd5 5. cxd5 d6 6. Nf3 g6 7. Qa4+ Nbd7 8. Bf4 a6 9. e3 Rb8 10. Qc2 b5 11. a4 b4 12. Ne4 Nxe4 13. Qxe4+ Qe7 14. Nd2 Ne5 15. Bxe5 Qxe5 16. Qxe5+ dxe5 17. Bd3 Bb7 18. e4 Bd6 19. O-O Ke7 20. Nc4 Rhf8 21. b3 Bc7 22. Rac1 a5 23. Ne3 Bd6 24. Rfd1 Bc8 25. Bb5 f5 26. exf5 gxf5 27. Nc4 Ra8 28. Re1 e4 29. f3 Bf4 30. Rcd1 Bd6 31. fxe4 1-0

[Event "4NCL Online Division 5"]
[Site "online"]
[Date "2021.03.09"]
[EventDate "2021.03.09"]
[Round "4.13"]
[White "Sims, Tony J"]
[WhiteElo "1598"]
[WhiteTeam "Welwyn Hatfield"]
[Black "Morris, David"]
[BlackElo "1930"]
[BlackTeam "Charlton Cobras A"]
[Result "0-1"]
[PlyCount "33"]

1. d4 Nf6 2. c4 c5 3. d5 e6 4. Nc3 exd5 5. Nxd5 Nxd5 6. cxd5 d6 7. e3 g6 8. Bd2 Bg7 9. Bc3 O-O 10. Bxg7 Kxg7 11. Bd3 b5 12. b3 Nd7 13. Nf3 Nf6 14. Bc2 Qa5+ 15. Qd2 Qxd2+ 16. Nxd2 Nxd5 17. O-O-O 0-1

[Event "4NCL Online Division 5"]
[Site "online"]
[Date "2021.03.09"]
[EventDate "2021.03.09"]
[Round "4.14"]
[White "Jakhria, Kushal"]
[WhiteElo "1723"]
[WhiteTeam "Charlton Cobras A"]
[Black "Elder, Kidge"]
[BlackElo "1542"]
[BlackTeam "Welwyn Hatfield"]
[Result "1/2-1/2"]
[PlyCount "111"]

1. d4 c6 2. c4 d5 3. Nf3 e6 4. Nc3 Bd6 5. e3 Nf6 6. Bd3 O-O 7. O-O Nbd7 8. Re1 dxc4 9. Bxc4 Nb6 10. Bd3 Nbd5 11. e4 Nxc3 12. bxc3 Nd7 13. e5 Be7 14. Qc2 f5 15. a4 Nb6 16. a5 Nd5 17. Ba3 Bxa3 18. Rxa3 Qe7 19. Rea1 c5 20. Bc4 Nf4 21. Qd2 Ng6 22. Rb3 cxd4 23. cxd4 Rd8 24. Qa2 Nf8 25. Rd3 h6 26. Rad1 Rb8 27. d5 exd5 28. Rxd5 Rxd5 29. Rxd5 Be6 30. Rb5 Bxc4 31. Qxc4+ Kh8 32. h3 Qd7 33. Rd5 Qc8 34. Qxc8 Rxc8 35. Nd4 g6 36. e6 Rc7 37. Kh2 b6 38. axb6 axb6 39. Kg3 Kg7 40. Kf4 Kf6 41. Rd6 g5+ 42. Ke3 Re7 43. Rxb6 Nxe6 44. Kd3 f4 45. g4 fxg3 46. fxg3 Re8 47. Ke4 Kf7 48. Nxe6 Rxe6+ 49. Rxe6 Kxe6 50. g4 Kf6 51. Kd5 Kg6 52. Ke6 h5 53. gxh5+ Kxh5 54. Kf5 Kh4 55. Kg6 Kxh3 56. Kxg5 1/2-1/2